000 00488cam a22001337a 4500
008 180718b1950 xxu||||| |||| 00| 0 eng d
082 _aP04x54 In2c
100 _aIndia. Committee on the ways and means of financing educational development
245 _aReport of the Committee on the ways and means of financing educational development in India
260 _aDelhi
_bThe Manager of Publications
_c1950
300 _a78p.
500 _aChairman: B.G. Kher
700 _aKher, B.G., Chairman
999 _c489625
_d489625